| 000 | 00706nam a2200217 a 4500 | ||
|---|---|---|---|
| 001 | 000012384 | ||
| 005 | 20240412074231.0 | ||
| 008 | 091112t1971 dr r 000 f spa d | ||
| 040 |
_aDO-SdBNP _bspa _cBNPHU |
||
| 082 |
_aRD863.44 _bG887t, 1971 |
||
| 100 | 1 |
_aGrullón, Ruddy _911028 |
|
| 245 | 1 | 3 |
_aEl temple de una raza / _cRuddy Grullón ; prólogo Manuel Valldeperes. |
| 250 | _a2a. ed. | ||
| 260 |
_aSanto Domingo : _bVialucis, _c1971. |
||
| 300 |
_a144 p. ; _c21 cm. |
||
| 590 | _aInventariado, 2019/BT | ||
| 650 | 0 |
_aNovela histórica dominicana. _9860 |
|
| 650 | 0 |
_aLiteratura dominicana. _967 |
|
| 700 | 1 |
_aValldesperes, Manuel, _epról. _923314 |
|
| 910 | _aValidado. Control de calidad. MMOLINA | ||
| 999 |
_c12041 _d12041 |
||